Central Library OPAC University of Rajshahi

The Story and its writer : (Record no. 21740)

MARC details
000 -LEADER
fixed length control field 00768cam a2200265 a 4500
001 - CONTROL NUMBER
control field 21740
003 - CONTROL NUMBER IDENTIFIER
rucl marc code BD-RjUL
005 - DATE AND TIME OF LATEST TRANSACTION
control field 20211209000725.0
008 - FIXED-LENGTH DATA ELEMENTS--GENERAL INFORMATION
fixed length control field 140305s1983 nyu 000 1 eng
020 ## - INTERNATIONAL STANDARD BOOK NUMBER
International Standard Book Number 0312762518 (pbk.) :
035 ## - SYSTEM CONTROL NUMBER
System control number (BD-RjUL)21805
040 ## - CATALOGING SOURCE
Original cataloging agency DLC
Transcribing agency DLC
Modifying agency DLC
Language of cataloging eng
041 ## - LANGUAGE CODE
Language code of text/sound track or separate title eng
082 00 - DEWEY DECIMAL CLASSIFICATION NUMBER
Classification number 808.301
Edition number 19
Author mark and year STO 1983
245 04 - TITLE STATEMENT
Title The Story and its writer :
Remainder of title an introduction to short fiction /
Statement of responsibility, etc. edited by Ann Charters.
260 ## - PUBLICATION, DISTRIBUTION, ETC. (IMPRINT)
Place of publication, distribution, etc. New York :
Name of publisher, distributor, etc. St. Martin's Press,
Date of publication, distribution, etc. c1983.
300 ## - PHYSICAL DESCRIPTION
Pagination xxii, 1239 p. ;
Size 23 cm.
500 ## - GENERAL NOTE
General note "A Bedford book."
650 #0 - SUBJECT ADDED ENTRY--TOPICAL TERM
Topical term or geographic name as entry element Short stories.
9 (RLIN) 67134
Topical term or geographic name as entry element Short story.
9 (RLIN) 63129
700 1# - ADDED ENTRY--PERSONAL NAME
Personal name Charters, Ann.
942 ## - ADDED ENTRY ELEMENTS (KOHA)
Source of classification or shelving scheme Dewey Decimal Classification
Koha item type Books
Holdings
Lost status Source of classification or shelving scheme Damaged status Not for loan Collection code Permanent Location Current Location Shelving location Date acquired Source of acquisition Cost, normal purchase price Total Checkouts Full call number Date last seen Copy number Koha item type
  Dewey Decimal Classification   Added to bundle Fiction Central Library, University of Rajshahi Central Library, University of Rajshahi Reading Room 19/08/1987 N/A 0.00   808.301 STO 1983 05/03/2014 C-1 Books